| 000 -LEADER |
| fixed length control field |
00644nam a2200217Ia 4500 |
| 001 - CONTROL NUMBER |
| control field |
3051 |
| 003 - CONTROL NUMBER IDENTIFIER |
| control field |
GE_BSU |
| 008 - FIXED-LENGTH DATA ELEMENTS--GENERAL INFORMATION |
| fixed length control field |
181216s||||||||xx |||||||||||||| ||und|| |
| 020 ## - INTERNATIONAL STANDARD BOOK NUMBER |
| International Standard Book Number |
5856391713 ; 3406418376; |
| 040 ## - CATALOGING SOURCE |
| Transcribing agency |
GE_BSU |
| 080 ## - UNIVERSAL DECIMAL CLASSIFICATION NUMBER |
| Universal Decimal Classification number |
330.1 (075.8) |
| 100 ## - MAIN ENTRY--PERSONAL NAME |
| Personal name |
Бартенев, С. а. |
| 245 ## - TITLE STATEMENT |
| Title |
Экономические теории и школы. (История и современность):Курс лекций |
| 260 ## - PUBLICATION, DISTRIBUTION, ETC. |
| Place of publication, distribution, etc. |
мОСКВА |
| 260 ## - PUBLICATION, DISTRIBUTION, ETC. |
| Name of publisher, distributor, etc. |
бек |
| 260 ## - PUBLICATION, DISTRIBUTION, ETC. |
| Date of publication, distribution, etc. |
1996 |
| 300 ## - PHYSICAL DESCRIPTION |
| Extent |
355 СТ. 21 СМ. |
| 653 ## - INDEX TERM--UNCONTROLLED |
| Uncontrolled term |
Экономические теории и школы |
| 942 ## - ADDED ENTRY ELEMENTS (KOHA) |
| Koha item type |
წიგნი |